00426nam a2200145Ia 4500008004100000040001800041041000800059100001900067245004000086260006500126300001800191504002100209650002600230650002400256130821s1986 ck gr spa  aCo-BoUCMbspa00aspa aMartin, Carlos03aEl sonido del hombrecCarlos Martin aBogotá (Cundinamarca, Colombia)bUniversidad Centralc1986 a127 páginas aIncluye índice04aLiteratura colombiana04aPoesía colombiana